[Event "Budapest FS02 Nadassy"]
[Site "Budapest"]
[Date "2024.02.09"]
[Round "6.5"]
[White "Dauren, Darmen"]
[Black "Kahn, Evarth"]
[Result "1-0"]
[WhiteElo "1727"]
[BlackElo "1881"]
[PlyCount "45"]
[EventDate "2024.02.03"]
[EventType "tourn"]
[EventRounds "12"]
[EventCountry "HUN"]
[SourceTitle "CB08_2024"]
[SourceDate "2024.02.21"]
[SourceVersion "1"]
[SourceVersionDate "2024.02.21"]
[SourceQuality "1"]
[WhiteTeam "Team Lower Elo"]
[BlackTeam "Team Higher Elo"]
[WhiteTeamCountry "HUN"]
[BlackTeamCountry "HUN"]

1. d4 Nf6 2. Nf3 c5 3. e3 g6 4. Be2 Bg7 5. 0-0 0-0 6. b3 d6 7. Bb2 Nbd7 8. Nbd2 b6 9. c4 e5 10. dxe5 Ng4 11. h3 Ngxe5 12. Nxe5 dxe5 13. Bf3 Rb8 14. Bd5 Re8 15. Ne4 Nf6 16. Nd6 Rf8 17. Nxf7 Qe7 18. Nd8+ Nxd5 19. Qxd5+ Kh8 20. Nc6 Qc7 21. Bxe5 Bxe5 22. Qxe5+ Qxe5 23. Nxe5 1-0

[Event "Budapest BSSZ op"]
[Site "Budapest"]
[Date "2023.08.25"]
[Round "6"]
[White "Horvath, Kristof"]
[Black "Kahn, Evarth"]
[Result "1-0"]
[WhiteElo "2116"]
[BlackElo "2008"]
[PlyCount "123"]
[EventDate "2023.08.21"]
[EventType "swiss"]
[EventRounds "9"]
[EventCountry "HUN"]
[SourceTitle "EXT 2024"]
[Source "ChessBase"]
[SourceDate "2023.10.10"]
[SourceVersion "1"]
[SourceVersionDate "2023.10.10"]
[SourceQuality "1"]

1. e4 Nf6 2. e5 Nd5 3. d4 d6 4. Nf3 Bg4 5. Be2 e6 6. c4 Nb6 7. exd6 cxd6 8. Nc3 Be7 9. 0-0 0-0 10. Be3 d5 11. c5 Bxf3 12. Bxf3 Nc8 13. b4 Nc6 14. Rb1 Bf6 15. g4 Bg5 16. Qd2 Bxe3 17. fxe3 N8e7 18. Nb5 Ng6 19. Nd6 Rb8 20. e4 e5 21. dxe5 d4 22. e6 fxe6 23. Be2 Qh4 24. Bc4 Qxg4+ 25. Qg2 Qxg2+ 26. Kxg2 Nf4+ 27. Rxf4 Rxf4 28. Bxe6+ Kf8 29. Bd5 Ke7 30. b5 Na5 31. e5 b6 32. c6 Kd8 33. e6 Kc7 34. Nf7 Re8 35. Rd1 h6 36. a4 g5 37. Nxh6 d3 38. Rxd3 Rxa4 39. Bf3 Rxe6 40. Rd7+ Kc8 41. Nf5 Nc4 42. Ne7+ Rxe7 43. Rxe7 Nd6 44. Bd5 Nxb5 45. Be6+ Kd8 46. Rg7 Ke8 47. c7 Nxc7 48. Rxc7 Ra5 49. Kg3 Re5 50. Bf7+ Kf8 51. Bg6 a5 52. Rf7+ Kg8 53. Rb7 b5 54. Kg4 a4 55. Bf5 a3 56. Kxg5 a2 57. Ra7 Re2 58. Kf6 Kf8 59. Ra8+ Re8 60. Rxa2 b4 61. Bd3 b3 62. Rg2 1-0

[Event "Budapest FS08 Nadassy"]
[Site "Budapest"]
[Date "2023.08.13"]
[Round "8.2"]
[White "Chong, Kai Ni Agnes"]
[Black "Kahn, Evarth"]
[Result "0-1"]
[WhiteElo "1793"]
[BlackElo "2008"]
[PlyCount "76"]
[EventDate "2023.08.05"]
[EventType "team-tourn"]
[EventRounds "10"]
[EventCountry "HUN"]
[SourceTitle "EXT 2024"]
[Source "ChessBase"]
[SourceDate "2023.10.10"]
[SourceVersion "1"]
[SourceVersionDate "2023.10.10"]
[SourceQuality "1"]
[WhiteTeam "Team Lower Elo"]
[BlackTeam "Team Higher Elo"]
[WhiteTeamCountry "HUN"]
[BlackTeamCountry "HUN"]

1. d4 Nf6 2. c4 g6 3. Nc3 Bg7 4. e4 0-0 5. Be3 d6 6. h3 c5 7. d5 b5 8. cxb5 a6 9. bxa6 Qa5 10. Bd2 Bxa6 11. Bxa6 Nxa6 12. Nf3 Rfb8 13. b3 Nd7 14. Qc1 Nb4 15. 0-0 Qa3 16. Na4 Qxc1 17. Raxc1 Nxa2 18. Rc2 Nb4 19. Bxb4 Rxb4 20. Nd2 Bh6 21. f4 f5 22. exf5 Bxf4 23. fxg6 hxg6 24. Nc4 Bg5 25. Rf3 Bf6 26. Rg3 Kf7 27. Rf2 Rxc4 28. bxc4 Rxa4 29. Rb3 Rxc4 30. Rb7 Ne5 31. Rd2 Rc1+ 32. Kh2 c4 33. Rc7 c3 34. Re2 Nd3 35. Rc4 Rd1 36. Re3 Be5+ 37. g3 Rd2+ 38. Kg1 c2 0-1

[Event "Budapest FS08 Nadassy"]
[Site "Budapest"]
[Date "2023.08.07"]
[Round "3.2"]
[White "Kahn, Evarth"]
[Black "Chong, Kai Ni Agnes"]
[Result "1-0"]
[WhiteElo "2008"]
[BlackElo "1793"]
[PlyCount "51"]
[EventDate "2023.08.05"]
[EventType "team-tourn"]
[EventRounds "10"]
[EventCountry "HUN"]
[SourceTitle "EXT 2024"]
[Source "ChessBase"]
[SourceDate "2023.10.10"]
[SourceVersion "1"]
[SourceVersionDate "2023.10.10"]
[SourceQuality "1"]
[WhiteTeam "Team Higher Elo"]
[BlackTeam "Team Lower Elo"]
[WhiteTeamCountry "HUN"]
[BlackTeamCountry "HUN"]

1. e4 c5 2. Nf3 d6 3. Bb5+ Nd7 4. d4 cxd4 5. Qxd4 a6 6. Bc4 Ngf6 7. Nc3 e5 8. Qd1 Be7 9. a4 0-0 10. 0-0 Nb8 11. h3 Nc6 12. Be3 Be6 13. Bxe6 fxe6 14. Qe2 d5 15. exd5 exd5 16. Rfd1 Qa5 17. Bg5 e4 18. Bxf6 exf3 19. Qe6+ Rf7 20. Bxe7 Nxe7 21. Rxd5 Qb4 22. Rd7 Qxb2 23. Rad1 Raf8 24. Rxe7 Qxc3 25. Rxf7 Rxf7 26. Rd8# 1-0

[Event "Budapest FS07 Schev"]
[Site "Budapest"]
[Date "2023.07.01"]
[Round "1.2"]
[White "Kahn, Evarth"]
[Black "Juracsik, Jozsef"]
[Result "1/2-1/2"]
[WhiteElo "1965"]
[BlackElo "1884"]
[PlyCount "83"]
[EventDate "2023.07.01"]
[EventType "schev"]
[EventRounds "10"]
[EventCountry "HUN"]
[SourceTitle "EXT 2024"]
[Source "ChessBase"]
[SourceDate "2023.10.10"]
[SourceVersion "1"]
[SourceVersionDate "2023.10.10"]
[SourceQuality "1"]
[WhiteTeam "Team Higher Elo"]
[BlackTeam "Team Lower Elo"]
[WhiteTeamCountry "HUN"]
[BlackTeamCountry "HUN"]

1. e4 c6 2. d4 d5 3. e5 Bf5 4. Ne2 e6 5. Ng3 Bg6 6. h4 h6 7. Bd3 Bxd3 8. Qxd3 Nd7 9. f4 Qa5+ 10. c3 Qa6 11. Qf3 c5 12. f5 0-0-0 13. fxe6 fxe6 14. Qe2 Qxe2+ 15. Nxe2 Be7 16. Nd2 cxd4 17. cxd4 Bb4 18. 0-0 Ne7 19. Nf3 Nf8 20. a3 Ba5 21. b4 Bb6 22. a4 a6 23. b5 axb5 24. Rb1 Ba7 25. Rxb5 Nc6 26. Ba3 g5 27. hxg5 hxg5 28. Rc1 Ng6 29. Bc5 Bxc5 30. Rcxc5 Nf4 31. Nxf4 gxf4 32. a5 Rd7 33. a6 Rc7 34. Rb6 Kb8 35. axb7 Nxd4 36. Rxc7 Kxc7 37. Rb4 Nxf3+ 38. gxf3 Rf8 39. Kf2 Kb8 40. Ke2 Rf5 41. Kd3 Rxe5 42. Rxf4 1/2-1/2

[Event "Budapest FS04 Nadassy"]
[Site "Budapest"]
[Date "2023.04.09"]
[Round "8"]
[White "Xu, Gordon"]
[Black "Kahn, Evarth"]
[Result "1-0"]
[WhiteElo "1869"]
[BlackElo "2004"]
[PlyCount "57"]
[EventDate "2023.04.01"]
[EventType "schev"]
[EventRounds "12"]
[EventCountry "HUN"]
[SourceTitle "EXT 2024"]
[Source "ChessBase"]
[SourceDate "2023.10.10"]
[SourceVersion "1"]
[SourceVersionDate "2023.10.10"]
[SourceQuality "1"]
[WhiteTeam "Team Lower Elo"]
[BlackTeam "Team Higher Elo	"]
[WhiteTeamCountry "HUN"]
[BlackTeamCountry "HUN"]

1. e4 c5 2. Nf3 d6 3. Bb5+ Nd7 4. Ba4 Ngf6 5. 0-0 Nxe4 6. Re1 Nef6 7. d4 cxd4 8. Nxd4 e6 9. Nb5 a6 10. Nxd6+ Bxd6 11. Qxd6 Qe7 12. Bf4 Qxd6 13. Bxd6 b5 14. Bb3 Bb7 15. a4 Ne4 16. Ba3 Ndc5 17. f3 Nxb3 18. cxb3 Nf6 19. axb5 axb5 20. Nc3 Bc6 21. Bc5 Rxa1 22. Rxa1 Nd7 23. Bd6 f6 24. Ra6 Bb7 25. Ra7 Bc8 26. Nxb5 Kf7 27. Rc7 e5 28. Ba3 Ke6 29. Na7 1-0

[Event "Budapest FS02 Schev"]
[Site "Budapest"]
[Date "2023.02.07"]
[Round "4"]
[White "Szabo, Bela"]
[Black "Kahn, Evarth"]
[Result "0-1"]
[WhiteElo "1955"]
[BlackElo "1953"]
[PlyCount "98"]
[EventDate "2023.02.04"]
[EventType "schev"]
[EventRounds "9"]
[EventCountry "HUN"]
[SourceTitle "EXT 2024"]
[Source "ChessBase"]
[SourceDate "2023.10.10"]
[SourceVersion "1"]
[SourceVersionDate "2023.10.10"]
[SourceQuality "1"]
[WhiteTeam "Team Lower Elo"]
[BlackTeam "Team Higher Elo"]
[WhiteTeamCountry "HUN"]
[BlackTeamCountry "HUN"]

1. e4 c5 2. Nf3 d6 3. d4 cxd4 4. Nxd4 Nf6 5. Nc3 g6 6. Bc4 Bg7 7. Bb3 0-0 8. Bg5 Qa5 9. Qd2 Nxe4 10. Nxe4 Qxd2+ 11. Nxd2 Bxd4 12. 0-0-0 Nc6 13. f3 a5 14. Ne4 a4 15. Bd5 a3 16. c3 axb2+ 17. Kxb2 Bg7 18. Bxc6 bxc6 19. Bxe7 Re8 20. Bxd6 f5 21. Ng3 Re3 22. Rc1 Be6 23. a3 Ra5 24. Bb4 Rb5 25. Kc2 c5 26. a4 Rb7 27. Rce1 Rxe1 28. Rxe1 cxb4 29. Rxe6 bxc3 30. Ne2 Rb2+ 31. Kc1 Ra2 32. Re3 Rxa4 33. g3 Ra1+ 34. Kc2 Re1 35. Kd3 Kf7 36. h4 h5 37. Nf4 Rd1+ 38. Kc2 Rd2+ 39. Kc1 Bd4 40. Re2 Bf2 41. Rxd2 cxd2+ 42. Kxd2 Bxg3 43. Ng2 g5 44. Ke2 Bxh4 45. f4 Kf6 46. Kf3 g4+ 47. Ke2 Bg3 48. Kf1 h4 49. Kg1 h3 0-1

[Event "Budapest FS02 Schev"]
[Site "Budapest"]
[Date "2023.02.05"]
[Round "2"]
[White "Monduk, Ferenc"]
[Black "Kahn, Evarth"]
[Result "0-1"]
[WhiteElo "1859"]
[BlackElo "1953"]
[PlyCount "50"]
[EventDate "2023.02.04"]
[EventType "schev"]
[EventRounds "9"]
[EventCountry "HUN"]
[SourceTitle "EXT 2024"]
[Source "ChessBase"]
[SourceDate "2023.10.10"]
[SourceVersion "1"]
[SourceVersionDate "2023.10.10"]
[SourceQuality "1"]
[WhiteTeam "Team Lower Elo"]
[BlackTeam "Team Higher Elo"]
[WhiteTeamCountry "HUN"]
[BlackTeamCountry "HUN"]

1. d4 g6 2. c4 Bg7 3. Nf3 Nf6 4. e3 d5 5. cxd5 Nxd5 6. Be2 c5 7. 0-0 cxd4 8. Nxd4 0-0 9. Nf3 Nc6 10. e4 Ndb4 11. Nc3 b6 12. a3 Qxd1 13. Rxd1 Nc2 14. Rb1 Nxa3 15. bxa3 Bxc3 16. Bh6 Bg7 17. Bxg7 Kxg7 18. Rbc1 Nd8 19. Rc7 Ne6 20. Rc3 Nc5 21. e5 Bg4 22. Ra1 Rac8 23. h3 Bxf3 24. Bxf3 Rfd8 25. a4 Nd3 0-1

[Event "Budapest Vezerkepzo Christmas FM"]
[Site "Budapest"]
[Date "2022.12.30"]
[Round "5"]
[White "Kahn, Evarth"]
[Black "Rounaiv, Rana"]
[Result "0-1"]
[WhiteElo "2011"]
[BlackElo "1886"]
[PlyCount "88"]
[EventDate "2022.12.26"]
[EventType "schev"]
[EventRounds "10"]
[EventCountry "HUN"]
[SourceTitle "CBM 212 Extra"]
[Source "ChessBase"]
[SourceDate "2023.03.31"]
[SourceVersion "1"]
[SourceVersionDate "2023.03.31"]
[SourceQuality "1"]
[WhiteTeam "Team A"]
[BlackTeam "Team B"]
[WhiteTeamCountry "HUN"]
[BlackTeamCountry "HUN"]

1. d4 Nf6 2. c4 g6 3. Nc3 Bg7 4. e4 d6 5. f4 0-0 6. Nf3 c5 7. d5 e6 8. Be2 exd5 9. cxd5 Nbd7 10. 0-0 Re8 11. Nd2 a6 12. a4 Rb8 13. a5 b5 14. axb6 Qxb6 15. Nc4 Qc7 16. e5 dxe5 17. fxe5 Nxe5 18. Nxe5 Qxe5 19. Bf4 Qd4+ 20. Qxd4 cxd4 21. Bxb8 dxc3 22. bxc3 Rxe2 23. Rfe1 Rc2 24. Rac1 Rxc1 25. Rxc1 Bh6 26. Re1 Bd2 27. Re2 Bxc3 28. Be5 Bxe5 29. Rxe5 Bd7 30. d6 Bb5 31. g4 Kf8 32. g5 Nd7 33. Re1 Nb6 34. Re4 Nc8 35. Rd4 Ke8 36. Re4+ Kd7 37. Rh4 Nxd6 38. Rxh7 a5 39. h4 a4 40. h5 a3 41. hxg6 a2 42. g7 a1Q+ 43. Kh2 Qb2+ 44. Kh3 Bf1+ 0-1

[Event "Budapest FS12 Nadassy"]
[Site "Budapest"]
[Date "2022.12.10"]
[Round "7"]
[White "Kahn, Evarth"]
[Black "Poh, Xuan Rui Ethan"]
[Result "0-1"]
[WhiteElo "2011"]
[BlackElo "1995"]
[PlyCount "48"]
[EventDate "2022.12.03"]
[EventType "schev"]
[EventRounds "9"]
[EventCountry "HUN"]
[SourceTitle "EXT 2024"]
[Source "ChessBase"]
[SourceDate "2023.10.10"]
[SourceVersion "1"]
[SourceVersionDate "2023.10.10"]
[SourceQuality "1"]
[WhiteTeam "A Team Higher Elo"]
[BlackTeam "B Team Lower Elo"]
[WhiteTeamCountry "HUN"]
[BlackTeamCountry "HUN"]

1. d4 Nf6 2. c4 g6 3. Nc3 d5 4. Bg5 Bg7 5. Bxf6 Bxf6 6. cxd5 c5 7. dxc6 Bxd4 8. cxb7 Bxb7 9. e3 Bxc3+ 10. bxc3 Qa5 11. Qb3 0-0 12. Nf3 Na6 13. Rc1 Rab8 14. Qc2 Rfc8 15. Be2 Nc5 16. Nd2 Bxg2 17. Rg1 Bd5 18. Rg4 Qxa2 19. Qxa2 Bxa2 20. Ra1 Rb2 21. Rb4 Rc2 22. Kd1 Rxc3 23. Rxa2 Rc1+ 24. Kxc1 Nd3+ 0-1

[Event "Budapest FS12 Nadassy"]
[Site "Budapest"]
[Date "2022.12.04"]
[Round "2"]
[White "Monduk, Ferenc"]
[Black "Kahn, Evarth"]
[Result "0-1"]
[WhiteElo "1884"]
[BlackElo "2011"]
[PlyCount "124"]
[EventDate "2022.12.03"]
[EventType "schev"]
[EventRounds "9"]
[EventCountry "HUN"]
[SourceTitle "EXT 2024"]
[Source "ChessBase"]
[SourceDate "2023.10.10"]
[SourceVersion "1"]
[SourceVersionDate "2023.10.10"]
[SourceQuality "1"]
[WhiteTeam "B Team Lower Elo"]
[BlackTeam "A Team Higher Elo"]
[WhiteTeamCountry "HUN"]
[BlackTeamCountry "HUN"]

1. d4 Nf6 2. c4 e5 3. dxe5 Ng4 4. Nf3 Bc5 5. e3 Nc6 6. Be2 Ngxe5 7. Nbd2 0-0 8. 0-0 Nxf3+ 9. Nxf3 d6 10. a3 a5 11. b3 Qf6 12. Ra2 Ne5 13. Bb2 Re8 14. Bd4 Bxd4 15. exd4 Ng6 16. Qd2 Bg4 17. Bd1 Re4 18. d5 a4 19. Qc2 axb3 20. Qxb3 b6 21. Nd2 Bxd1 22. Rxd1 Re2 23. Nf3 Rxa2 24. Qxa2 Qc3 25. a4 Re8 26. h3 Nf4 27. Kh2 Re4 28. a5 bxa5 29. Qb1 Re8 30. Qb5 Rf8 31. Re1 Qb4 32. Qc6 Qb6 33. Qxb6 cxb6 34. Nd4 Nd3 35. Rb1 Rb8 36. Nf5 a4 37. Ra1 Ra8 38. Nxd6 a3 39. Nb7 Kf8 40. d6 Ke8 41. Rd1 a2 42. Rxd3 a1Q 43. d7+ Ke7 44. d8Q+ Rxd8 45. Nxd8 Qa4 46. Rd4 Qa8 47. Kg3 f5 48. f3 g5 49. h4 h6 50. hxg5 hxg5 51. Kh3 Qc8 52. Kg3 f4+ 53. Kh2 Ke8 54. Kg1 Ke7 55. Kf1 Qa8 56. Ke2 Qa2+ 57. Kf1 Qa1+ 58. Ke2 Qg1 59. Nc6+ Kf6 60. Rd6+ Kg7 61. Rd7+ Kh6 62. Ne5 Qe3+ 0-1

[Event "Budapest FS11 Nadassy"]
[Site "Budapest"]
[Date "2022.11.15"]
[Round "9"]
[White "Kahn, Evarth"]
[Black "Monduk, Ferenc"]
[Result "1-0"]
[WhiteElo "2059"]
[BlackElo "1861"]
[PlyCount "61"]
[EventDate "2022.11.05"]
[EventType "schev"]
[EventRounds "9"]
[EventCountry "HUN"]
[SourceTitle "CBM 211 Extra"]
[Source "ChessBase"]
[SourceDate "2023.01.31"]
[SourceVersion "1"]
[SourceVersionDate "2023.01.31"]
[SourceQuality "1"]
[WhiteTeam "Team Higher Elo"]
[BlackTeam "Team Lower Elo"]
[WhiteTeamCountry "HUN"]
[BlackTeamCountry "HUN"]

1. e4 e6 2. d4 d5 3. Nc3 Nf6 4. Bg5 dxe4 5. Nxe4 Be7 6. Bxf6 Bxf6 7. Nf3 b6 8. Bd3 Bb7 9. Qe2 Nd7 10. 0-0-0 Be7 11. h4 h6 12. g4 c6 13. g5 Qc7 14. Rhg1 hxg5 15. Nexg5 0-0-0 16. Rg4 Bxg5+ 17. hxg5 Rde8 18. g6 f5 19. Rg3 Kb8 20. Ng5 e5 21. Bxf5 exd4 22. Qg4 Nc5 23. Nf7 d3 24. Nxh8 dxc2 25. Bxc2 Rxh8 26. f4 Qe7 27. f5 Rf8 28. Qd4 Bc8 29. Re3 Qg5 30. Qd6+ Kb7 31. Qe7+ 1-0

[Event "Budapest FS11 Nadassy"]
[Site "Budapest"]
[Date "2022.11.14"]
[Round "8"]
[White "Ge, William"]
[Black "Kahn, Evarth"]
[Result "1/2-1/2"]
[WhiteElo "1885"]
[BlackElo "2059"]
[PlyCount "60"]
[EventDate "2022.11.05"]
[EventType "schev"]
[EventRounds "9"]
[EventCountry "HUN"]
[SourceTitle "CBM 211 Extra"]
[Source "ChessBase"]
[SourceDate "2023.01.31"]
[SourceVersion "1"]
[SourceVersionDate "2023.01.31"]
[SourceQuality "1"]
[WhiteTeam "Team Lower Elo"]
[BlackTeam "Team Higher Elo"]
[WhiteTeamCountry "HUN"]
[BlackTeamCountry "HUN"]

1. e4 Nf6 2. e5 Nd5 3. d4 d6 4. c4 Nb6 5. exd6 exd6 6. Nc3 Be7 7. Bd3 Nc6 8. Be3 Bf6 9. Nge2 Bg4 10. h3 Bh5 11. Qd2 Bg6 12. Bxg6 hxg6 13. b3 d5 14. c5 Nc8 15. Rd1 N8e7 16. Ng3 Qd7 17. a3 Nf5 18. Nxf5 Qxf5 19. Qd3 Qxd3 20. Rxd3 Ne7 21. Nb5 Kd7 22. Kd2 Nf5 23. Nc3 c6 24. Ne2 Nxe3 25. Rxe3 Rae8 26. Kd3 Rxe3+ 27. Kxe3 Re8+ 28. Kf3 Re4 29. Rd1 g5 30. Rd3 g6 1/2-1/2

[Event "Budapest FS11 Nadassy"]
[Site "Budapest"]
[Date "2022.11.12"]
[Round "7"]
[White "Kahn, Evarth"]
[Black "Poor, Sandor"]
[Result "1-0"]
[WhiteElo "2059"]
[BlackElo "1904"]
[PlyCount "37"]
[EventDate "2022.11.05"]
[EventType "schev"]
[EventRounds "9"]
[EventCountry "HUN"]
[SourceTitle "CBM 211 Extra"]
[Source "ChessBase"]
[SourceDate "2023.01.31"]
[SourceVersion "1"]
[SourceVersionDate "2023.01.31"]
[SourceQuality "1"]
[WhiteTeam "Team Higher Elo"]
[BlackTeam "Team Lower Elo"]
[WhiteTeamCountry "HUN"]
[BlackTeamCountry "HUN"]

1. e4 c5 2. Nf3 d6 3. d4 cxd4 4. Nxd4 Nf6 5. Nc3 a6 6. Bg5 Nbd7 7. Qd2 h6 8. Bh4 e6 9. 0-0-0 b5 10. f3 Bb7 11. Bf2 Be7 12. a3 0-0 13. g4 d5 14. h4 dxe4 15. g5 Nh5 16. Nxe6 fxe6 17. Qxd7 Bc8 18. Qc6 Qa5 19. Bb6 1-0

[Event "Budapest FS11 Nadassy"]
[Site "Budapest"]
[Date "2022.11.08"]
[Round "4"]
[White "Poor, Sandor"]
[Black "Kahn, Evarth"]
[Result "1-0"]
[WhiteElo "1904"]
[BlackElo "2059"]
[PlyCount "105"]
[EventDate "2022.11.05"]
[EventType "schev"]
[EventRounds "9"]
[EventCountry "HUN"]
[SourceTitle "CBM 211 Extra"]
[Source "ChessBase"]
[SourceDate "2023.01.31"]
[SourceVersion "1"]
[SourceVersionDate "2023.01.31"]
[SourceQuality "1"]
[WhiteTeam "Team Lower Elo"]
[BlackTeam "Team Higher Elo"]
[WhiteTeamCountry "HUN"]
[BlackTeamCountry "HUN"]

1. d4 g6 2. e4 Bg7 3. Nf3 d6 4. h3 Nd7 5. Nc3 e5 6. Bg5 f6 7. Be3 Ne7 8. Bc4 Nf8 9. Qd2 Be6 10. Bxe6 Nxe6 11. d5 Nf4 12. Bxf4 exf4 13. Nd4 Bh6 14. Ne6 Qd7 15. h4 Kf7 16. g4 c6 17. 0-0-0 cxd5 18. exd5 Nxd5 19. Qxd5 Qxe6 20. Qxb7+ Qe7 21. Qd5+ Qe6 22. Qxe6+ Kxe6 23. Rhe1+ Kf7 24. f3 Bf8 25. Ne4 Rd8 26. Rd5 h5 27. g5 f5 28. Nf2 Bg7 29. Nd3 Rhe8 30. Rxe8 Kxe8 31. Nxf4 Kf7 32. Nd3 Ke6 33. c4 Rc8 34. b3 Rc6 35. Kc2 Bf8 36. Ra5 Rc7 37. Nf4+ Kf7 38. Nd5 Rd7 39. Kd3 Bg7 40. Rb5 Be5 41. f4 Bb2 42. Rb8 Ba3 43. b4 Bb2 44. Rc8 Rb7 45. a4 Ba3 46. b5 Bc5 47. a5 Rd7 48. Ke2 Kg7 49. Rc7 Rxc7 50. Nxc7 Kf7 51. b6 axb6 52. a6 b5 53. Nxb5 1-0

[Event "Budapest FS11 Nadassy"]
[Site "Budapest"]
[Date "2022.11.07"]
[Round "3"]
[White "Kahn, Evarth"]
[Black "Monduk, Ferenc"]
[Result "1-0"]
[WhiteElo "2059"]
[BlackElo "1861"]
[PlyCount "57"]
[EventDate "2022.11.05"]
[EventType "schev"]
[EventRounds "9"]
[EventCountry "HUN"]
[SourceTitle "CBM 211 Extra"]
[Source "ChessBase"]
[SourceDate "2023.01.31"]
[SourceVersion "1"]
[SourceVersionDate "2023.01.31"]
[SourceQuality "1"]
[WhiteTeam "Team Higher Elo"]
[BlackTeam "Team Lower Elo"]
[WhiteTeamCountry "HUN"]
[BlackTeamCountry "HUN"]

1. d4 d5 2. c4 c6 3. Nf3 e6 4. Nc3 Nf6 5. Bg5 Be7 6. e3 0-0 7. Qc2 h6 8. Bh4 b6 9. Bd3 Bb7 10. Rd1 Nbd7 11. 0-0 dxc4 12. Bxc4 Nd5 13. Bg3 Nb4 14. Qe2 b5 15. Bb3 a5 16. a3 Na6 17. e4 b4 18. axb4 axb4 19. Nb1 Qe8 20. Rfe1 Nf6 21. d5 exd5 22. exd5 Bc5 23. Qd3 Qd8 24. d6 Nd5 25. Bc2 f5 26. Nh4 Bc8 27. Re5 Qxd6 28. Rxd5 Qxd5 29. Bb3 1-0